Necesidad de conciencia (Record no. 168638)
[ view plain ]
| 000 -LEADER | |
|---|---|
| fixed length control field | 00848nam a22002297a 4500 |
| 005 - DATE AND TIME OF LATEST TRANSACTION | |
| control field | 20231016111430.0 |
| 008 - FIXED-LENGTH DATA ELEMENTS--GENERAL INFORMATION | |
| fixed length control field | 231016b sp|||||||| |||| 00| 0 spa d |
| 020 ## - INTERNATIONAL STANDARD BOOK NUMBER | |
| International Standard Book Number | 8476586302 |
| 050 04 - LIBRARY OF CONGRESS CALL NUMBER | |
| Classification number | H61 |
| Item number | Z46 2002 |
| 100 1# - MAIN ENTRY--PERSONAL NAME | |
| Personal name | Zemelman, Hugo, |
| Dates associated with a name | 1931-2013 |
| 245 13 - TITLE STATEMENT | |
| Title | Necesidad de conciencia |
| Remainder of title | : un modo de construir conocimiento |
| Statement of responsibility, etc | / Hugo Zemelman ; prologo de Horacio Cerutti Guldberg; introducción de Josetxo Beriain |
| 250 ## - EDITION STATEMENT | |
| Edition statement | 1a ed. |
| 260 ## - PUBLICATION, DISTRIBUTION, ETC. (IMPRINT) | |
| Place of publication, distribution, etc | Barcelona: |
| Name of publisher, distributor, etc | Anthropos, |
| Date of publication, distribution, etc | 2002 |
| 300 ## - PHYSICAL DESCRIPTION | |
| Extent | 138 p. ; |
| Dimensions | 20 cm. |
| 490 0# - SERIES STATEMENT | |
| Series statement | Autores, Textos y Temas.Ciencias Sociales ; |
| Volume number/sequential designation | 34 |
| 650 #4 - SUBJECT ADDED ENTRY--TOPICAL TERM | |
| Topical term or geographic name as entry element | Ciencias sociales |
| General subdivision | Filosofía |
| 650 #4 - SUBJECT ADDED ENTRY--TOPICAL TERM | |
| Topical term or geographic name as entry element | Teoría del conocimiento |
| General subdivision | Metodología |
| 650 #4 - SUBJECT ADDED ENTRY--TOPICAL TERM | |
| Topical term or geographic name as entry element | Historia |
| General subdivision | Filosofía |
| 700 1# - ADDED ENTRY--PERSONAL NAME | |
| Personal name | Cerrutti Guldberg, Horacio, |
| Relator term | prologuista |
| 700 1# - ADDED ENTRY--PERSONAL NAME | |
| Personal name | Beriain, Josetxo, |
| Relator term | prologuista |
| 942 ## - ADDED ENTRY ELEMENTS (KOHA) | |
| Source of classification or shelving scheme | Biblioteca del Cogreso de los Estados Unidos |
| Koha item type | Libro |
| Estado de pérdida | Fuente de clasificación | Estado del daño | No para préstamo | Ubicación permanente | Ubicación actual | Apartado o colección | Fecha de adquisición | Fuente de adquisición | Edición | Dependencia de educación superior (DES) | Área del conocimiento | Total Checkouts | Clasificación | Código de Barras | Date last seen | Número de copia | Costo por reposición | Tipo de recurso |
|---|---|---|---|---|---|---|---|---|---|---|---|---|---|---|---|---|---|---|
| Biblioteca del Cogreso de los Estados Unidos | Biblioteca de la Facultad de Filosofía | Biblioteca de la Facultad de Filosofía | General | 16/10/2023 | Donación | 1a ed. | Humanidades | Educación y Humanidades | H61 Z46 2002 | BFF000040395 | 16/10/2023 | C:1 | 1.00 | Libro |